01144nam a22002777a 4500003000500000005001700005008004100022010001000063011001000073035001100083040000900094100004000103245022300143260004000366300002900406502012300435530003600558650002900594650003000623650002800653650002900681650002700710650003100737700003400768856006400802CHAP20220329143524.0100331s2009 mx r 00010 spa d a97956 a98928 a109613 cCHAP1 aLópez García, Francisco Javier.10aDeterminación de la factibilidad técnica y financiera de la producción de jitomate bajo invernadero en el municipio de Villa de Arista, S.L.P.c/por Francisco Javier López García y José Guadalupe Soto Viera aChapingo, Méx. :bEl autor,c2009 a85 h. :bilus., gráfs. aTesis (Lic. en Administración de Empresas Agropecuarias) -- UACH. División de Ciencias Económico Administrativas aTambién disponible en línea14aCultivos en invernadero.14aEstudios de factibilidad.14aFinanzasxEvaluación.14aProyectosxEvaluación.14aTomatexPropagación.14aTomatexSan Luis Potosí.1 aSoto Viera, José Guadalupe. 3Finding aiduhttp://10.13.5.2/tesis/109613.pdfzTeclea aqui